Argentina hacia un nuevo ordenamiento territorial: <de la> centralización a la descentralización, con proyección continental y oceánica /

Detalles Bibliográficos
Autor principal: Roccatagliata, Juan A.
Formato: Libro
Publicado: Buenos Aires : Pleamar, 1986.
Materias:
Etiquetas: Agregar Etiqueta
Sin Etiquetas, Sea el primero en etiquetar este registro!

MARC

LEADER 00000nam a22000004a 4500
001 AR-BbUGT1261
003 AR-BbUGT
005 20181220001531.0
007 ta
008 061101t1986 |||ab |0|||0| d
020 |a 950-583-044-0 
040 |a AR-BbUGT  |b spa  |c AR-BbUGT 
082 0 4 |a 982 
100 1 |a Roccatagliata, Juan A. 
245 1 0 |a Argentina hacia un nuevo ordenamiento territorial:   |b <de la> centralización a la descentralización, con proyección continental y oceánica /   |c Juan A. Roccatagliata. 
260 |a Buenos Aires :   |b Pleamar,   |c 1986. 
300 |a 295 p. :   |b il., mapas 
653 |a Territorio 
653 |a Descentralización 
653 |a Centralización 
653 |a Ordenamiento 
942 |c BK  |h 982  |i R581  |2 ddc  |6 982_000000000000000_R581 
942 |c BK  |h 982  |i R581  |2 ddc 
999 |c 9101  |d 9101